Ogilvi o reklame

Salvato in:
Dettagli Bibliografici
Autore principale: Ogilvy, David
Natura: Libro
Lingua:russo
Pubblicazione: Moskva Eksmo 2004
Soggetti:
Tags: Aggiungi Tag
Nessun Tag, puoi essere il primo ad aggiungerne!!

MARC

LEADER 00000nam$a2200000$$$4500
001 0027620
005 20240912070949.9
020 |a 5-699-02340-2 
041 0 |a rus 
044 |a RU 
245 1 0 |a Ogilvi o reklame  |c David Ogilvy ; perevod s anglijskogo: A. Gosteva i T. Novikovoj 
264 1 |a Moskva  |b Eksmo  |c 2004 
300 |a 229 s. 
610 2 0 |a reklama 
610 2 0 |a propagácia 
610 2 0 |a agentúry 
610 2 0 |a klienti 
610 2 0 |a televízia 
610 2 0 |a podnik 
610 2 0 |a turistika 
610 2 0 |a obchod 
610 2 0 |a marketing 
100 1 |a Ogilvy, David